Ambāpallī. (Record no. 74656)

MARC details
000 -LEADER
fixed length control field 00540cam a22002171 4500
001 - CONTROL NUMBER
control field sa 67004650
003 - CONTROL NUMBER IDENTIFIER
control field DLC
005 - DATE AND TIME OF LATEST TRANSACTION
control field 20260227112349.0
008 - FIXED-LENGTH DATA ELEMENTS--GENERAL INFORMATION
fixed length control field 940823s1966 ii 000 1 orio
010 ## - LIBRARY OF CONGRESS CONTROL NUMBER
LC control number sa 67004650
025 ## - OVERSEAS ACQUISITION NUMBER
Overseas acquisition number PL480:I-O-720
035 ## - SYSTEM CONTROL NUMBER
System control number (OCoLC)30996215
040 ## - CATALOGING SOURCE
Original cataloging agency DLC
Transcribing agency CU
Modifying agency CU
-- DLC
042 ## - AUTHENTICATION CODE
Authentication code premarc
050 00 - LIBRARY OF CONGRESS CALL NUMBER
Classification number PK2579.M284
Item number A8
100 1# - MAIN ENTRY--PERSONAL NAME
Personal name Mahanti, Brajamohan.
245 10 - TITLE STATEMENT
Title Ambāpallī.
260 ## - PUBLICATION, DISTRIBUTION, ETC.
Date of publication, distribution, etc. [1966]
300 ## - PHYSICAL DESCRIPTION
Extent 2, 3, 128 p. (p. [127]-128 advertisements)
Dimensions 19 cm.
500 ## - GENERAL NOTE
General note In Oriya.

No items available.

Powered by Koha